000 00678nam a2200253Ia 4500
001 45545
005 20240114003716.0
007 ta
008 090317s1973 a g b000 u 465 u
020 _cHB
040 _aCotton College,Assam
041 _a465
082 _a954.8
_bE P 85 So
100 _aEpistein, T Scarlett .
245 0 _aSouth India:Yesterday,Today and Tomorrow /
_cT Scarlett Epistein.
_hTextual Documents
250 _a1st ed /
260 _aLondon :
_bMacmillan Press ,
_c1973.
300 _axv,273 p :
_bill ;
_c23cm .
653 _aIndian History
653 _aT/G-History
942 _2ddc
_cBK
999 _c45510
_d45510